Central Library || Chittagong University

হিস্ট্রি অব দ্য রিলিজিয়নস / (Record no. 105912)

MARC details
000 -LEADER
fixed length control field 00798nam a22001937a 4500
003 - CONTROL NUMBER IDENTIFIER
control field BD-ChCU
005 - DATE AND TIME OF LATEST TRANSACTION
control field 20250420095039.0
007 - PHYSICAL DESCRIPTION FIXED FIELD--GENERAL INFORMATION
fixed length control field
008 - FIXED-LENGTH DATA ELEMENTS--GENERAL INFORMATION
fixed length control field 250216b bg ||||| |||| 00| 0 ben d
020 ## - INTERNATIONAL STANDARD BOOK NUMBER
International Standard Book Number 9789847767246
040 ## - CATALOGING SOURCE
Transcribing agency BD-ChCU
082 ## - DEWEY DECIMAL CLASSIFICATION NUMBER
Edition number 22
Classification number ২০০.০৯ ইস ৭ হি
100 ## - MAIN ENTRY--PERSONAL NAME
Personal name ইসমাইল আল ফারুকী
9 (RLIN) 8718
245 ## - TITLE STATEMENT
Title হিস্ট্রি অব দ্য রিলিজিয়নস /
Statement of responsibility, etc. ইসমাইল আল ফারুকী ও ডেভিড সফার
260 ## - PUBLICATION, DISTRIBUTION, ETC.
Place of publication, distribution, etc. ঢাকা :
Name of publisher, distributor, etc. ঐতিহ্য,
Date of publication, distribution, etc. c২০১৫
300 ## - PHYSICAL DESCRIPTION
Dimensions ২২ সে.মি.
700 ## - ADDED ENTRY--PERSONAL NAME
Personal name মামুন, আসাদ ইকবাল
Relator term অনুবাদক
9 (RLIN) 8719
942 ## - ADDED ENTRY ELEMENTS (KOHA)
Source of classification or shelving scheme Dewey Decimal Classification
Koha item type Books
Suppress in OPAC No
Holdings
Withdrawn status Lost status Source of classification or shelving scheme Damaged status Not for loan Home library Current library Shelving location Date acquired Source of acquisition Total Checkouts Full call number Barcode Date last seen Price effective from Koha item type Copy number
    Dewey Decimal Classification     Chittagong University Library Chittagong University Library Arts and Humanities Reading Room 02/16/2025 ক্রয়কৃত   ২০০.০৯ ইস ৭ হি 331532 02/16/2025 02/16/2025 Books  
    Dewey Decimal Classification     Chittagong University Library Chittagong University Library Arts and Humanities Reading Room 04/20/2025     ২০০.০৯ ইস ৭ হি 330914 04/20/2025 04/20/2025 Books ক-২
    Dewey Decimal Classification     Chittagong University Library Chittagong University Library   04/21/2025 purchase   ২০০.০৯ ইস ৭ হি 333167 04/21/2025 04/21/2025 Books ক-৩
    Dewey Decimal Classification     Chittagong University Library Chittagong University Library   04/21/2025 purchase   ২০০.০৯ ইস ৭ হি 333168 04/21/2025 04/21/2025 Books ক-৪
© Copyright 2026. Chittagong University Library, Installation and Maintenance by Prof. Dr. Md. Alamgir, 01711306253